[Event "Quebec op U2000"]
[Site "Montreal CAN"]
[Date "2001.07.21"]
[Round "1"]
[White "Thomas, Michel"]
[Black "Gauthier, Denis"]
[Result "1/2-1/2"]
[WhiteElo "1837"]
[BlackElo "1969"]
[PlyCount "104"]
[GameId "2160767911563832"]
[EventDate "2001.07.21"]
[EventType "swiss"]
[EventRounds "9"]
[EventCountry "CAN"]
[SourceTitle "EXT 2022"]
[Source "ChessBase"]
[SourceDate "2021.10.06"]
[SourceVersion "1"]
[SourceVersionDate "2021.10.06"]
[SourceQuality "1"]

1. d4 Nf6 2. c4 e6 3. Nf3 b6 4. a3 Ba6 5. Qc2 Bb7 6. Nc3 c5 7. e4 cxd4 8. Nxd4 Nc6 9. Nxc6 Bxc6 10. Bf4 d6 11. Be2 Be7 12. O-O O-O 13. Rfd1 Qc7 14. f3 Rac8 15. Rd2 Nd7 16. Rad1 Ne5 17. Kh1 Qb7 18. b3 a6 19. a4 h6 20. Qb1 Bf6 21. Na2 g5 22. Bg3 Be7 23. Nb4 a5 24. Nxc6 Qxc6 25. Bf2 Ng6 26. Bf1 Nf4 27. g3 Ng6 28. Bg2 e5 29. Qd3 Rfd8 30. Qd5 Nf8 31. Bh3 Rc7 32. Bf5 Qxd5 33. Rxd5 Rc6 34. Kg2 Ne6 35. Bxe6 fxe6 36. R5d3 Rdc8 37. Be3 Kh7 38. Bc1 Kg6 39. Ba3 Rd8 40. Bb2 Rf8 41. Bc1 Rfc8 42. Be3 Rf8 43. Rf1 Rf7 44. f4 exf4 45. gxf4 Bf6 46. Rfd1 Be7 47. Kg3 gxf4+ 48. Bxf4 Bh4+ 49. Kxh4 Rxf4+ 50. Kg3 Rxe4 51. Kf3 Rh4 52. Kg3 Re4 1/2-1/2

[Event "Quebec op U2000"]
[Site "Montreal CAN"]
[Date "2001.07.22"]
[Round "2"]
[White "Cardin, Guillaume"]
[Black "Cloutier, Mario"]
[Result "1/2-1/2"]
[WhiteElo "1879"]
[BlackElo "1984"]
[PlyCount "70"]
[GameId "2160767911563833"]
[EventDate "2001.07.21"]
[EventType "swiss"]
[EventRounds "9"]
[EventCountry "CAN"]
[SourceTitle "EXT 2022"]
[Source "ChessBase"]
[SourceDate "2021.10.06"]
[SourceVersion "1"]
[SourceVersionDate "2021.10.06"]
[SourceQuality "1"]

1. e4 e5 2. Nf3 d6 3. d4 Nf6 4. Nc3 Nbd7 5. Bc4 Be7 6. Be3 c6 7. h3 b5 8. Bd3 O-O 9. Qe2 Qa5 10. g4 d5 11. O-O b4 12. dxe5 bxc3 13. exf6 Bxf6 14. bxc3 Bxc3 15. Rad1 Re8 16. exd5 cxd5 17. Bb6 Rxe2 18. Bxa5 Rxc2 19. Bxc2 Bxa5 20. Ba4 Nb6 21. Bc6 Rb8 22. Bxd5 Ba6 23. Rc1 Rd8 24. Bb3 Nd7 25. Ng5 Rf8 26. Rcd1 Nc5 27. Bd5 Bb6 28. Ne4 Nd3 29. Kg2 Nf4+ 30. Kg3 Ne2+ 31. Kh2 Bc7+ 32. Kh1 Nf4 33. Bb3 Nxh3 34. Rd7 Bb6 35. Kh2 Nf4 1/2-1/2

[Event "Quebec op U2000"]
[Site "Montreal CAN"]
[Date "2001.07.22"]
[Round "2"]
[White "Charbonneau, Anne-Marie"]
[Black "Lezaic, Jovan"]
[Result "0-1"]
[WhiteElo "1875"]
[BlackElo "1983"]
[PlyCount "66"]
[GameId "2160767911563834"]
[EventDate "2001.07.21"]
[EventType "swiss"]
[EventRounds "9"]
[EventCountry "CAN"]
[SourceTitle "EXT 2022"]
[Source "ChessBase"]
[SourceDate "2021.10.06"]
[SourceVersion "1"]
[SourceVersionDate "2021.10.06"]
[SourceQuality "1"]

1. d4 f5 2. Nf3 g6 3. g3 Bg7 4. Bg2 Nf6 5. O-O O-O 6. c4 d6 7. Nc3 c6 8. Qc2 Na6 9. e4 fxe4 10. Nxe4 Nxe4 11. Qxe4 Bf5 12. Qe2 Qd7 13. Qd2 Bh3 14. Nh4 Bxg2 15. Nxg2 e5 16. d5 c5 17. b3 Rf5 18. Bb2 Rh5 19. f4 Qh3 20. Ne3 Re8 21. fxe5 Bxe5 22. Bxe5 Rhxe5 23. Rf3 Qh6 24. Nf1 Qxd2 25. Nxd2 Re2 26. Rf2 Nb4 27. Kf1 Rxf2+ 28. Kxf2 Nd3+ 29. Kf3 Ne5+ 30. Kg2 Ng4 31. Kh3 h5 32. Nf1 Re2 33. Rd1 Nf2+ 0-1

[Event "Quebec op U2000"]
[Site "Montreal CAN"]
[Date "2001.07.22"]
[Round "2"]
[White "Desmarais, Emmanuel"]
[Black "Gebhardt, David"]
[Result "1/2-1/2"]
[WhiteElo "1955"]
[BlackElo "1851"]
[PlyCount "69"]
[GameId "2160767911563835"]
[EventDate "2001.07.21"]
[EventType "swiss"]
[EventRounds "9"]
[EventCountry "CAN"]
[SourceTitle "EXT 2022"]
[Source "ChessBase"]
[SourceDate "2021.10.06"]
[SourceVersion "1"]
[SourceVersionDate "2021.10.06"]
[SourceQuality "1"]

1. e4 e5 2. Nf3 Nf6 3. Nxe5 d6 4. Nf3 Nxe4 5. d3 Nf6 6. Nc3 Be7 7. Be2 O-O 8. O-O Re8 9. h3 Nc6 10. Bf4 Be6 11. d4 d5 12. a3 a6 13. Bd3 h6 14. Re1 Nh5 15. Bh2 Bd6 16. Ne5 Qg5 17. Nf3 Bxh2+ 18. Kxh2 Qf4+ 19. Kh1 g5 20. Ne5 Qh4 21. Bf1 Nf6 22. Qf3 g4 23. Qf4 Nh5 24. Qe3 gxh3 25. gxh3 Nxd4 26. Nf3 Nxf3 27. Qxf3 Nf4 28. Qg3+ Qxg3 29. fxg3 Nxh3 30. Rxe6 fxe6 31. Bxh3 c6 32. Na4 e5 33. Nc5 Re7 34. Rf1 e4 35. Kg2 1/2-1/2

[Event "Quebec op U2000"]
[Site "Montreal CAN"]
[Date "2001.07.22"]
[Round "2"]
[White "Dion, Jean-Francois"]
[Black "Boudreau, Daniel"]
[Result "0-1"]
[WhiteElo "1798"]
[BlackElo "2049"]
[PlyCount "64"]
[GameId "2160767911563836"]
[EventDate "2001.07.21"]
[EventType "swiss"]
[EventRounds "9"]
[EventCountry "CAN"]
[SourceTitle "EXT 2022"]
[Source "ChessBase"]
[SourceDate "2021.10.06"]
[SourceVersion "1"]
[SourceVersionDate "2021.10.06"]
[SourceQuality "1"]

1. d4 Nf6 2. Nf3 g6 3. Bf4 Bg7 4. e3 Nh5 5. Bg3 O-O 6. Be2 c5 7. c3 Nxg3 8. hxg3 d6 9. Bd3 cxd4 10. exd4 e5 11. dxe5 dxe5 12. Qc2 Qe7 13. Rh4 Be6 14. Nbd2 f5 15. Bc4 Bxc4 16. Rxc4 e4 17. Nd4 e3 18. N2f3 Bh6 19. Kf1 Na6 20. Re1 Nc5 21. fxe3 Ne4 22. Ne2 Bxe3 23. Qb3 Kh8 24. Rd1 Rae8 25. Rd3 Bb6 26. Qd1 Nc5 27. Rd5 Ne4 28. Re5 Rd8 29. Qc2 Qd6 30. a4 Qd1+ 31. Qxd1 Rxd1+ 32. Ne1 Nd2# 0-1

[Event "Quebec op U2000"]
[Site "Montreal CAN"]
[Date "2001.07.22"]
[Round "2"]
[White "Dominique, Vladimir"]
[Black "Chichkina, Olya"]
[Result "1/2-1/2"]
[WhiteElo "1827"]
[BlackElo "1901"]
[PlyCount "23"]
[GameId "2160767911563837"]
[EventDate "2001.07.21"]
[EventType "swiss"]
[EventRounds "9"]
[EventCountry "CAN"]
[SourceTitle "EXT 2022"]
[Source "ChessBase"]
[SourceDate "2021.10.06"]
[SourceVersion "1"]
[SourceVersionDate "2021.10.06"]
[SourceQuality "1"]

1. e4 e6 2. d4 d5 3. Nc3 Nf6 4. e5 Nfd7 5. Nce2 c5 6. c3 Nc6 7. f4 f5 8. Nf3 Be7 9. Ng3 c4 10. Ng5 Bxg5 11. fxg5 b5 12. Nh5 1/2-1/2

[Event "Quebec op U2000"]
[Site "Montreal CAN"]
[Date "2001.07.22"]
[Round "2"]
[White "Esterez, Emmanuel"]
[Black "Ross Latour, Jeremie"]
[Result "1-0"]
[WhiteElo "1889"]
[BlackElo "1667"]
[PlyCount "105"]
[GameId "2160767911563838"]
[EventDate "2001.07.21"]
[EventType "swiss"]
[EventRounds "9"]
[EventCountry "CAN"]
[SourceTitle "EXT 2022"]
[Source "ChessBase"]
[SourceDate "2021.10.06"]
[SourceVersion "1"]
[SourceVersionDate "2021.10.06"]
[SourceQuality "1"]

1. e4 c6 2. d4 d5 3. exd5 cxd5 4. c4 e6 5. Nf3 Nf6 6. Nc3 Nc6 7. Bg5 Be7 8. c5 O-O 9. Bb5 Re8 10. O-O Nd7 11. Bxe7 Rxe7 12. Re1 Qc7 13. a3 Nf8 14. b4 Bd7 15. Bf1 a6 16. Na4 Be8 17. Nb6 Ra7 18. Qd2 Nd7 19. Nxd7 Qxd7 20. a4 a5 21. b5 Nb4 22. Ne5 Qd8 23. Nd3 Nxd3 24. Bxd3 f6 25. f4 Ra8 26. Qe3 Qc7 27. b6 Qd7 28. Re2 e5 29. fxe5 fxe5 30. dxe5 Bf7 31. Qd4 Be6 32. Bb5 Qd8 33. Rc1 Bf5 34. c6 bxc6 35. Rxc6 Be4 36. Bd3 Qe8 37. Bxe4 dxe4 38. Qd5+ Kh8 39. Rxe4 Rb8 40. Rd6 Rc8 41. Qxa5 Rc1+ 42. Kf2 Qf7+ 43. Kg3 Qb3+ 44. Kg4 h5+ 45. Kxh5 Qf7+ 46. Kg5 Rf1 47. Rh4+ Kg8 48. Rd8+ Re8 49. Rxe8+ Qxe8 50. Qd5+ Rf7 51. Rf4 Qe7+ 52. Kg6 Kh8 53. Qa8+ 1-0

[Event "Quebec op U2000"]
[Site "Montreal CAN"]
[Date "2001.07.22"]
[Round "2"]
[White "Gilbert, Erick"]
[Black "Proulx, Denis"]
[Result "0-1"]
[WhiteElo "1851"]
[BlackElo "1931"]
[PlyCount "58"]
[GameId "2160767911563839"]
[EventDate "2001.07.21"]
[EventType "swiss"]
[EventRounds "9"]
[EventCountry "CAN"]
[SourceTitle "EXT 2022"]
[Source "ChessBase"]
[SourceDate "2021.10.06"]
[SourceVersion "1"]
[SourceVersionDate "2021.10.06"]
[SourceQuality "1"]

1. Nf3 Nf6 2. g3 g6 3. Bg2 Bg7 4. O-O O-O 5. d3 d5 6. Nbd2 Nbd7 7. c3 c6 8. e4 dxe4 9. dxe4 Qc7 10. Qe2 Nc5 11. Nc4 Nfxe4 12. Bf4 Nd6 13. Rad1 Rd8 14. Ng5 Ne6 15. Nxe6 Bxe6 16. Rfe1 Bxc4 17. Qxc4 Nxc4 18. Bxc7 Rxd1 19. Rxd1 Nxb2 20. Rd7 Kf8 21. Ba5 Rb8 22. Bc7 Ke8 23. Rxe7+ Kxe7 24. Bxb8 a5 25. Bh3 f5 26. g4 Ke6 27. f4 Bxc3 28. gxf5+ gxf5 29. Ba7 Bd2 0-1

[Event "Quebec op U2000"]
[Site "Montreal CAN"]
[Date "2001.07.22"]
[Round "2"]
[White "Marghetis, Aris"]
[Black "Solar, Dariusz"]
[Result "0-1"]
[WhiteElo "1905"]
[BlackElo "1800"]
[PlyCount "112"]
[GameId "2160767911563840"]
[EventDate "2001.07.21"]
[EventType "swiss"]
[EventRounds "9"]
[EventCountry "CAN"]
[SourceTitle "EXT 2022"]
[Source "ChessBase"]
[SourceDate "2021.10.06"]
[SourceVersion "1"]
[SourceVersionDate "2021.10.06"]
[SourceQuality "1"]

1. e4 e5 2. Bc4 Nf6 3. d3 Nc6 4. Nf3 Be7 5. O-O d6 6. c3 O-O 7. Re1 a6 8. Bb3 h6 9. Nbd2 Re8 10. Nf1 Bf8 11. Ne3 Be6 12. c4 Ne7 13. Bd2 c6 14. Bc3 Qc7 15. Rc1 Rac8 16. Qc2 c5 17. Ba4 Bd7 18. b4 b5 19. Bb3 cxb4 20. Bxb4 a5 21. Qd2 axb4 22. cxb5 Qb8 23. Qxb4 Bxb5 24. Nc4 Bxc4 25. Qxb8 Rxb8 26. Rxc4 Rec8 27. Rec1 Nd7 28. Kf1 g6 29. Ke2 Kg7 30. Nd2 Rxc4 31. Rxc4 Nc5 32. Rc3 Nc6 33. Bd5 Nd4+ 34. Ke1 Be7 35. Nb3 Ncxb3 36. Rc7 Kf6 37. axb3 Nxb3 38. Rb7 Rxb7 39. Bxb7 Nc5 40. Bd5 Nxd3+ 41. Kf1 Kg7 42. g3 f5 43. f3 Bd8 44. Ke2 Nb4 45. Bb7 Bb6 46. Kf1 Kf6 47. Kg2 d5 48. exd5 e4 49. fxe4 fxe4 50. d6 Ke5 51. Kf1 Kd4 52. Ke2 Nd5 53. d7 Nc3+ 54. Kf1 Ke3 55. Kg2 Kd2 56. Kf1 e3 0-1

[Event "Quebec op U2000"]
[Site "Montreal CAN"]
[Date "2001.07.22"]
[Round "2"]
[White "Ramaswamy, Kishor"]
[Black "Kougioumoutzakis, Tony"]
[Result "1-0"]
[WhiteElo "1840"]
[BlackElo "1908"]
[PlyCount "103"]
[GameId "2160767911563841"]
[EventDate "2001.07.21"]
[EventType "swiss"]
[EventRounds "9"]
[EventCountry "CAN"]
[SourceTitle "EXT 2022"]
[Source "ChessBase"]
[SourceDate "2021.10.06"]
[SourceVersion "1"]
[SourceVersionDate "2021.10.06"]
[SourceQuality "1"]

1. d4 c5 2. c3 d5 3. Nf3 e6 4. Bf4 Nc6 5. e3 f5 6. Nbd2 Nf6 7. h3 Be7 8. Bd3 O-O 9. Ne5 Nd7 10. Ndf3 Ndxe5 11. Nxe5 Nxe5 12. Bxe5 Bd6 13. Qd2 Bxe5 14. dxe5 Qa5 15. a3 Bd7 16. O-O-O Ba4 17. Rdg1 b5 18. g4 Qc7 19. gxf5 exf5 20. f4 b4 21. Bc2 Bxc2 22. Qxd5+ Kh8 23. Kxc2 Rad8 24. Qc4 bxa3 25. bxa3 Qa5 26. a4 Rb8 27. Rb1 Qc7 28. Rxb8 Rxb8 29. Rb1 Rd8 30. Rd1 Rb8 31. Rd5 h6 32. Rxc5 Qb7 33. Rb5 Qg2+ 34. Kb3 Rd8 35. e6 Qd2 36. e7 Qd1+ 37. Kb4 Re8 38. Qe6 Qb1+ 39. Ka5 Qd3 40. Qe5 Qd7 41. Rb8 Kg8 42. Rxe8+ Qxe8 43. Qe6+ Kh8 44. Qd6 Kh7 45. Qd8 Qc6 46. e8=Q Qxc3+ 47. Ka6 Qc4+ 48. Qb5 Qe6+ 49. Ka5 a6 50. Qdd7 Qg8 51. Qbxf5+ Kh8 52. Qff7 1-0

[Event "Quebec op U2000"]
[Site "Montreal CAN"]
[Date "2001.07.22"]
[Round "2"]
[White "Trinh, Tri Bao"]
[Black "Morissette, Jean-Sebastien"]
[Result "1-0"]
[WhiteElo "1980"]
[BlackElo "1854"]
[PlyCount "115"]
[GameId "2160767911563842"]
[EventDate "2001.07.21"]
[EventType "swiss"]
[EventRounds "9"]
[EventCountry "CAN"]
[SourceTitle "EXT 2022"]
[Source "ChessBase"]
[SourceDate "2021.10.06"]
[SourceVersion "1"]
[SourceVersionDate "2021.10.06"]
[SourceQuality "1"]

1. e4 Nf6 2. e5 Nd5 3. d4 d6 4. c4 Nb6 5. f4 Bf5 6. Nc3 dxe5 7. fxe5 e6 8. Be3 Bb4 9. Nf3 c5 10. dxc5 Bxc3+ 11. bxc3 Qxd1+ 12. Rxd1 N6d7 13. Nd4 O-O 14. Nxf5 exf5 15. Be2 Nxe5 16. O-O g6 17. Bf4 Nbc6 18. Rd5 f6 19. Rb1 Rf7 20. g3 Kg7 21. h3 Re8 22. Kf2 Ree7 23. Bf1 g5 24. Be3 Rc7 25. Bd4 Rfe7 26. Re1 h6 27. Kg2 Nf7 28. Rd1 Nce5 29. Re1 Ng6 30. Rb1 f4 31. g4 Nfe5 32. Rb4 f3+ 33. Kf2 Nf4 34. Rd6 Rc6 35. Ra4 a6 36. Rxc6 Nxc6 37. Kxf3 Re1 38. Kf2 Rd1 39. Be3 Rd7 40. Ra3 Ng6 41. Rb3 Nge5 42. Bd4 Na5 43. Rb6 Nec6 44. Ke3 Kf7 45. Kd3 Kg6 46. Bg2 f5 47. Bd5 h5 48. Be6 Rd8 49. gxf5+ Kh7 50. Bd5 Rd7 51. f6 Nd8 52. Rd6 Rxd6 53. cxd6 Kg6 54. d7 Nac6 55. Bxc6 Nxc6 56. Ke4 g4 57. hxg4 hxg4 58. Kf4 1-0

[Event "Quebec op U2000"]
[Site "Montreal CAN"]
[Date "2001.07.22"]
[Round "3"]
[White "Boudreau, Daniel"]
[Black "Balogh, Alex"]
[Result "1-0"]
[WhiteElo "2049"]
[BlackElo "1840"]
[PlyCount "59"]
[GameId "2160767911563843"]
[EventDate "2001.07.21"]
[EventType "swiss"]
[EventRounds "9"]
[EventCountry "CAN"]
[SourceTitle "EXT 2022"]
[Source "ChessBase"]
[SourceDate "2021.10.06"]
[SourceVersion "1"]
[SourceVersionDate "2021.10.06"]
[SourceQuality "1"]

1. e4 c5 2. Nf3 Nc6 3. Bb5 g6 4. O-O Bg7 5. Re1 e5 6. Bxc6 dxc6 7. h3 Be6 8. b3 f6 9. d3 Nh6 10. Bb2 Qd7 11. Nbd2 Nf7 12. Qe2 O-O 13. Rad1 Rfd8 14. Nc4 Qe8 15. c3 b5 16. Na5 Bf8 17. Qe3 Qd7 18. a3 Qc7 19. b4 Be7 20. d4 exd4 21. cxd4 cxb4 22. Nxc6 Qxc6 23. d5 Qc8 24. dxe6 Qxe6 25. Rxd8+ Nxd8 26. axb4 Bxb4 27. Rc1 Nc6 28. e5 Nxe5 29. Nxe5 fxe5 30. Qe4 1-0

[Event "Quebec op U2000"]
[Site "Montreal CAN"]
[Date "2001.07.22"]
[Round "3"]
[White "Chichkina, Olya"]
[Black "Gauthier, Denis"]
[Result "1/2-1/2"]
[WhiteElo "1901"]
[BlackElo "1969"]
[PlyCount "92"]
[GameId "2160767911563844"]
[EventDate "2001.07.21"]
[EventType "swiss"]
[EventRounds "9"]
[EventCountry "CAN"]
[SourceTitle "EXT 2022"]
[Source "ChessBase"]
[SourceDate "2021.10.06"]
[SourceVersion "1"]
[SourceVersionDate "2021.10.06"]
[SourceQuality "1"]

1. e4 Nf6 2. e5 Nd5 3. d4 d6 4. exd6 cxd6 5. Bc4 Nb6 6. Bd3 g6 7. Nf3 Bg7 8. c3 O-O 9. Bg5 N8d7 10. Qd2 Re8 11. Na3 a6 12. Nc2 Qc7 13. Ne3 e5 14. dxe5 dxe5 15. Bc2 h6 16. Bh4 Nc4 17. Nxc4 Qxc4 18. Bb3 Qg4 19. Qd5 Qf5 20. g4 Qf4 21. Bg3 Nb6 22. Bxf4 exf4+ 23. Kf1 Nxd5 24. Bxd5 Bxg4 25. Kg2 Re7 26. Rad1 Rae8 27. Rd2 b6 28. Rhd1 Re2 29. Bb3 Rxd2 30. Rxd2 Bf6 31. Rd6 Kg7 32. Rxb6 a5 33. Ra6 Re2 34. Rxa5 Bxf3+ 35. Kxf3 Rd2 36. Ra7 Bxc3 37. Rxf7+ Kh8 38. Rxf4 Be5 39. Rf8+ Kg7 40. Rf7+ Kh8 41. h3 Bd4 42. Kg3 g5 43. h4 gxh4+ 44. Kxh4 Rxf2 45. Kg4 Rxf7 46. Bxf7 Bf2 1/2-1/2

[Event "Quebec op U2000"]
[Site "Montreal CAN"]
[Date "2001.07.22"]
[Round "3"]
[White "Germain, Max"]
[Black "Dion, Jean-Francois"]
[Result "1-0"]
[WhiteElo "1656"]
[BlackElo "1798"]
[PlyCount "54"]
[GameId "2160767911563846"]
[EventDate "2001.07.21"]
[EventType "swiss"]
[EventRounds "9"]
[EventCountry "CAN"]
[SourceTitle "EXT 2022"]
[Source "ChessBase"]
[SourceDate "2021.10.06"]
[SourceVersion "1"]
[SourceVersionDate "2021.10.06"]
[SourceQuality "1"]

1. e4 d6 2. d4 Nf6 3. Bf4 Nxe4 4. f3 Nf6 5. c4 g6 6. Bd3 Bg7 7. Ne2 O-O 8. g4 c5 9. Be3 Nc6 10. Nbc3 Nxg4 11. fxg4 cxd4 12. Nxd4 Nxd4 13. Bxg6 fxg6 14. Bxd4 e5 15. Bf2 Be6 16. Qe2 Rf4 17. h3 Bxc4 18. Qc2 Qf6 19. Rh2 Rf8 20. Ne4 Qe6 21. Ng5 Qd5 22. Rd1 Qa5+ 23. Qd2 Qxd2+ 24. Rxd2 Bh6 25. h4 Rxg4 26. Rxd6 e4 27. Be3 a6 1-0

[Event "Quebec op U2000"]
[Site "Montreal CAN"]
[Date "2001.07.22"]
[Round "3"]
[White "Lezaic, Jovan"]
[Black "Esterez, Emmanuel"]
[Result "1/2-1/2"]
[WhiteElo "1983"]
[BlackElo "1889"]
[PlyCount "103"]
[GameId "2160767911563847"]
[EventDate "2001.07.21"]
[EventType "swiss"]
[EventRounds "9"]
[EventCountry "CAN"]
[SourceTitle "EXT 2022"]
[Source "ChessBase"]
[SourceDate "2021.10.06"]
[SourceVersion "1"]
[SourceVersionDate "2021.10.06"]
[SourceQuality "1"]

1. d4 Nf6 2. c4 d6 3. Nc3 e5 4. dxe5 dxe5 5. Qxd8+ Kxd8 6. Bg5 c6 7. O-O-O+ Kc7 8. f3 Be6 9. e4 Na6 10. a3 Be7 11. Be3 Rhd8 12. Rxd8 Rxd8 13. b4 b6 14. Nh3 Bxh3 15. gxh3 Nh5 16. Rg1 h6 17. Rg4 g5 18. Kc2 Nf4 19. Na4 Ne6 20. Rg2 Nd4+ 21. Bxd4 Rxd4 22. Rd2 Rxd2+ 23. Kxd2 Kd7 24. c5 b5 25. Nc3 Nc7 26. h4 gxh4 27. Bh3+ Kd8 28. Bg4 Bg5+ 29. Kd1 Ke7 30. h3 Ne6 31. Bxe6 Kxe6 32. Ne2 Be3 33. Kc2 f5 34. Kd3 Bf2 35. Kd2 Kf6 36. Kd1 fxe4 37. fxe4 Bd4 38. Kc2 Bf2 39. Nc1 Be3 40. Nd3 Ke6 41. Kb3 h5 42. a4 a6 43. Ne1 Kf6 44. Nf3 Bf2 45. a5 Bg3 46. Kc3 Kg6 47. Kd3 Kf6 48. Kc3 Kg6 49. Kb3 Kf6 50. Ng1 Kg5 51. Ne2 Bf2 52. Ka3 1/2-1/2

[Event "Quebec op U2000"]
[Site "Montreal CAN"]
[Date "2001.07.22"]
[Round "3"]
[White "Marcone, Malcom"]
[Black "Cardin, Guillaume"]
[Result "1-0"]
[WhiteElo "1920"]
[BlackElo "1879"]
[PlyCount "53"]
[GameId "2160767911563848"]
[EventDate "2001.07.21"]
[EventType "swiss"]
[EventRounds "9"]
[EventCountry "CAN"]
[SourceTitle "EXT 2022"]
[Source "ChessBase"]
[SourceDate "2021.10.06"]
[SourceVersion "1"]
[SourceVersionDate "2021.10.06"]
[SourceQuality "1"]

1. Nf3 Nf6 2. d4 c5 3. d5 g6 4. c4 b5 5. cxb5 a6 6. e3 d6 7. Nc3 Bg7 8. a4 O-O 9. bxa6 Nbd7 10. Ra3 Bxa6 11. Bxa6 Rxa6 12. O-O Qa8 13. e4 Nb6 14. b3 Nfd7 15. Bd2 Rc8 16. Nb5 c4 17. Nfd4 cxb3 18. Nc6 Rxc6 19. dxc6 Qxc6 20. Qxb3 Nc5 21. Qc2 Rxa4 22. Rxa4 Nbxa4 23. Rb1 Qxe4 24. Qa2 Nd3 25. Nc7 Bd4 26. Rb8+ Kg7 27. Ne8+ 1-0

[Event "Quebec op U2000"]
[Site "Montreal CAN"]
[Date "2001.07.22"]
[Round "3"]
[White "Nunez, Omar"]
[Black "Solar, Dariusz"]
[Result "1-0"]
[WhiteElo "1995"]
[BlackElo "1800"]
[PlyCount "99"]
[GameId "2160767911563849"]
[EventDate "2001.07.21"]
[EventType "swiss"]
[EventRounds "9"]
[EventCountry "CAN"]
[SourceTitle "EXT 2022"]
[Source "ChessBase"]
[SourceDate "2021.10.06"]
[SourceVersion "1"]
[SourceVersionDate "2021.10.06"]
[SourceQuality "1"]

1. f4 d5 2. e3 Nf6 3. Be2 e6 4. Nf3 Be7 5. O-O O-O 6. d3 c5 7. Qe1 Nc6 8. Ne5 Qc7 9. Nxc6 Qxc6 10. Nd2 Qc7 11. e4 dxe4 12. dxe4 e5 13. f5 Bd7 14. a4 Bc6 15. Bd3 Rad8 16. Nc4 b6 17. Qg3 Nxe4 18. Bxe4 Bxe4 19. f6 Bxf6 20. Rxf6 Rd1+ 21. Rf1 Rxf1+ 22. Kxf1 Bxc2 23. Nxe5 f6 24. Nf3 Qxg3 25. hxg3 Rd8 26. Be3 Kf7 27. a5 Rd1+ 28. Rxd1 Bxd1 29. b4 cxb4 30. Bxb6 b3 31. Bd4 Ke6 32. Ke1 Bc2 33. Kd2 a6 34. Kc3 Kd5 35. Bb6 Kc6 36. Nd4+ Kd5 37. Nxc2 bxc2 38. Kxc2 Kc4 39. Kd2 g6 40. Bd8 f5 41. Ke3 Kd5 42. Bg5 Ke5 43. Bh6 Kf6 44. Kd4 g5 45. Kc5 Kg6 46. Bf8 f4 47. Kb6 h5 48. gxf4 gxf4 49. Bd6 Kf5 50. Kxa6 1-0

[Event "Quebec op U2000"]
[Site "Montreal CAN"]
[Date "2001.07.22"]
[Round "3"]
[White "Papineau (Granby), Daniel"]
[Black "Ramaswamy, Kishor"]
[Result "0-1"]
[WhiteElo "2035"]
[BlackElo "1847"]
[PlyCount "62"]
[GameId "2160767911563850"]
[EventDate "2001.07.21"]
[EventType "swiss"]
[EventRounds "9"]
[EventCountry "CAN"]

1. e4 c6 2. d4 d5 3. e5 Bf5 4. Nf3 e6 5. Be2 Nd7 6. O-O c5 7. c3 Ne7 8. Re1 Nc6 9. a3 Be7 10. b4 cxd4 11. cxd4 Rc8 12. Nbd2 Nxb4 13. Bb5 Nc2 14. Nb3 Nxa1 15. Nxa1 a6 16. Bf1 O-O 17. h3 Nb6 18. Nh2 Nc4 19. Ng4 Nxa3 20. Bxa3 Bxa3 21. Qb3 Bxg4 22. hxg4 Qa5 23. Rb1 b5 24. Nc2 Rc3 25. Qa2 Rfc8 26. Ne3 Rc1 27. Rxc1 Rxc1 28. g3 Bb4 29. Qb2 Qa3 30. Qe2 Re1 31. Qf3 Bd2 0-1

[Event "Quebec op U2000"]
[Site "Montreal CAN"]
[Date "2001.07.22"]
[Round "3"]
[White "Proulx, Denis"]
[Black "Robidas, Francois"]
[Result "0-1"]
[WhiteElo "1931"]
[BlackElo "1880"]
[PlyCount "80"]
[GameId "2160767911563851"]
[EventDate "2001.07.21"]
[EventType "swiss"]
[EventRounds "9"]
[EventCountry "CAN"]
[SourceTitle "EXT 2022"]
[Source "ChessBase"]
[SourceDate "2021.10.06"]
[SourceVersion "1"]
[SourceVersionDate "2021.10.06"]
[SourceQuality "1"]

1. e4 Nf6 2. d3 e5 3. Nf3 Nc6 4. Bg5 Bc5 5. Nc3 d6 6. Nd5 Be6 7. c3 Bxd5 8. exd5 Ne7 9. b4 Bb6 10. c4 Nf5 11. a4 a5 12. b5 h6 13. Bxf6 Qxf6 14. Be2 O-O 15. O-O Rae8 16. Nd2 Nd4 17. Ne4 Qe7 18. Kh1 f5 19. Ng3 Qh4 20. Bh5 Re7 21. Bg6 Rf6 22. Qh5 Qxh5 23. Bxh5 Nb3 24. Ra2 Bd4 25. Bf3 b6 26. Nh5 Rf8 27. g4 f4 28. Be4 Kf7 29. Ng3 fxg3 30. fxg3+ Kg8 31. Bh7+ Kxh7 32. Rxf8 Kg6 33. h4 Rf7 34. h5+ Kf6 35. Re8 Nc5 36. Re2 Kg5 37. Kg2 Kxg4 38. Rg8 Kxh5 39. Kh3 Kg5 40. Re8 Nxd3 0-1

[Event "Quebec op U2000"]
[Site "Montreal CAN"]
[Date "2001.07.22"]
[Round "3"]
[White "Thomas, Michel"]
[Black "Desmarais, Emmanuel"]
[Result "0-1"]
[WhiteElo "1837"]
[BlackElo "1955"]
[PlyCount "93"]
[GameId "2160767911563852"]
[EventDate "2001.07.21"]
[EventType "swiss"]
[EventRounds "9"]
[EventCountry "CAN"]
[SourceTitle "EXT 2022"]
[Source "ChessBase"]
[SourceDate "2021.10.06"]
[SourceVersion "1"]
[SourceVersionDate "2021.10.06"]
[SourceQuality "1"]

1. d4 c6 2. Nf3 d5 3. c3 Bf5 4. Bf4 Nf6 5. e3 e6 6. Bd3 Bg6 7. Qc2 Bd6 8. Bxd6 Qxd6 9. Ne5 Nbd7 10. Nxg6 hxg6 11. Nd2 Rxh2 12. O-O-O O-O-O 13. Rxh2 Qxh2 14. Bf1 Qh5 15. c4 Rh8 16. cxd5 exd5 17. g3 Ng4 18. Be2 Qf5 19. Qxf5 gxf5 20. Bxg4 fxg4 21. Re1 Rh2 22. Re2 f5 23. Kc2 Nf6 24. Kd3 Rg2 25. Kc2 Nh7 26. Nb3 b6 27. Nc1 Ng5 28. Nd3 Ne4 29. Kd1 Kd7 30. Rc2 Kd6 31. b4 g5 32. Kc1 Rh2 33. Kb2 Rh7 34. Rc1 Rh2 35. Rc2 Rh7 36. Rc1 Nd2 37. Ne5 Nc4+ 38. Nxc4+ dxc4 39. Rxc4 Rh2 40. Rc2 Kd5 41. Kb3 Ke4 42. a4 Kf3 43. Rxc6 Rxf2 44. Re6 Kxg3 45. Kc3 Kf3 46. Re5 g3 47. Rxf5+ 0-1

[Event "Quebec op U2000"]
[Site "Montreal CAN"]
[Date "2001.07.22"]
[Round "3"]
[White "Vezeau, Patrice"]
[Black "Tremblay, Alain"]
[Result "0-1"]
[WhiteElo "1831"]
[BlackElo "1929"]
[PlyCount "55"]
[GameId "2160767911563853"]
[EventDate "2001.07.21"]
[EventType "swiss"]
[EventRounds "9"]
[EventCountry "CAN"]
[SourceTitle "EXT 2022"]
[Source "ChessBase"]
[SourceDate "2021.10.06"]
[SourceVersion "1"]
[SourceVersionDate "2021.10.06"]
[SourceQuality "1"]

1. d4 Nf6 2. c4 g6 3. Nc3 Bg7 4. e4 d6 5. f4 O-O 6. Be2 c5 7. d5 e6 8. Nf3 exd5 9. cxd5 b5 10. Bxb5 Nxe4 11. Nxe4 Qa5+ 12. Nc3 Bxc3+ 13. bxc3 Qxb5 14. Kf2 Nd7 15. Nd2 Qd3 16. Qf3 Qc2 17. Re1 Nf6 18. c4 Rb8 19. h3 Ba6 20. Re3 Bxc4 21. Rc3 Ne4+ 22. Qxe4 Qxc3 23. Qxc4 Qxa1 24. Ne4 Rb4 25. Qc2 Rxe4 26. Kf3 Rfe8 27. f5 Qd4 28. Bb2 0-1